000 00845nam a2200229Ia 4500
003 GCL
008 140319s9999 xx 000 0 ara d
020 _a9034209948
040 _aGCL /
_cGCL
082 0 4 _a371.33
_bا د
100 1 _aايمان محمد الغزو
245 1 0 _aدمج التقنيات في التعليم :
_bإعداد المعلم تقنيا للألفية الثالثة /
_cايمان محمد الغزو
250 _aالاولى
260 _aالامارات :
_bدار القلم للنشر والتوزيع ،
_c2004
300 _a247 ص ؛
_c17*24 سم
650 0 4 _aطرق التدريس
650 0 4 _aالوسائل التعليمية
650 0 4 _aتكنولوجيا الحاسبات
650 0 4 _aالتعليم - تكنولوجيا
650 0 4 _aتكنولوجيا التعليم
942 _2ddc
_cBK
999 _c5937
_d5937